| 000 | 00714nam a2200265Ia 4500 | ||
|---|---|---|---|
| 003 | OSt | ||
| 005 | 20221005080123.0 | ||
| 006 | a|||||r|||| 00| 0 | ||
| 007 | ta | ||
| 008 | 221004b |||||||| |||| 00| 0 eng d | ||
| 020 | _a0 86131 748 3 (hbk) | ||
| 024 | _a122326 | ||
| 037 |
_bGift, 27/10/2012, _cTextual |
||
| 040 |
_aCRL _cCRL _beng |
||
| 041 |
_2eng _aeng |
||
| 082 | _aV2:1, N1.3 | ||
| 100 | _aSarkar Jadunath | ||
| 245 | 0 | _aFall of the Mughal empire | |
| 260 |
_aNew Delhi _bOrient Longman India _c1991 |
||
| 300 |
_axxiii,294p. _ccm. |
||
| 490 | _vVol.3 | ||
| 650 | _aHISTORY | ||
| 942 |
_hV2:1, N1.3 _cTEXL _2cc |
||
| 999 |
_c985712 _d985712 |
||